[Event "International Championship of Central Se"]
[Site "Paracin, hotel "]
[Date "2016.07.07"]
[Round "1.1"]
[White "Gajic, Bozur"]
[Black "Colovic, Zoran"]
[Result "0-1"]
[WhiteElo "1734"]
[BlackElo "2099"]
[PlyCount "110"]
[EventDate "2016.07.07"]

1. b3 d5 2. Bb2 Nf6 3. e3 Bf5 4. Nf3 e6 5. h3 Bd6 6. d3 Nbd7 7. Nh4 Bg6 8. Nxg6
hxg6 9. Nd2 c6 10. a4 Qa5 11. Qc1 Rc8 12. Be2 O-O 13. O-O Qc7 14. Nf3 e5 15.
Ba3 c5 16. Ng5 Rfe8 17. Qd1 Nf8 18. d4 exd4 19. exd4 cxd4 20. Bxd6 Qxd6 21. Nf3
Ne6 22. Bb5 Re7 23. Nxd4 Ne4 24. Nxe6 Qxe6 25. Bd3 Rec7 26. Re1 Rc3 27. Re3 Qf6
28. Rf3 Qe5 29. Rc1 f5 30. b4 f4 31. Bxe4 Qxe4 32. Rxc3 Rxc3 33. Qd2 Qxb4 34.
Qxd5+ Kh7 35. Qg5 f3 36. g4 Qd6 37. Qh4+ Kg8 38. Re1 Rxc2 39. g5 Qd2 40. Rf1
Rc5 41. Kh1 Rxg5 42. Rg1 Rh5 43. Qg3 Qd3 44. Kh2 Kh7 45. Rc1 Qd7 46. Rc4 Qf5
47. Rf4 Qe5 48. Rxf3 Qxg3+ 49. Kxg3 Ra5 50. Kh4 Rxa4+ 51. Kg5 b5 52. h4 Ra1 53.
Rb3 a6 54. Kg4 Ra2 55. f3 Rg2+ 0-1

[Event "International Championship of Central Se"]
[Site "Paracin, hotel "]
[Date "2016.07.07"]
[Round "1.2"]
[White "Milosevic, Rade"]
[Black "Blagojevic, Nikola"]
[Result "1-0"]
[WhiteElo "2091"]
[BlackElo "1733"]
[PlyCount "119"]
[EventDate "2016.07.07"]

1. Nf3 d5 2. d4 Nf6 3. c4 c6 4. cxd5 cxd5 5. Nc3 Nc6 6. e3 Bg4 7. Qb3 Qb6 8.
Qxb6 axb6 9. Bb5 Bxf3 10. gxf3 e6 11. Bd2 Be7 12. Ke2 O-O 13. f4 Rac8 14. Rhc1
Na7 15. Bd3 Rc7 16. Na4 Rxc1 17. Rxc1 b5 18. Rc7 bxa4 19. Rxe7 Rb8 20. Rc7 Ne8
21. Rc1 Nd6 22. Bb4 Rc8 23. Rxc8+ Naxc8 24. Kd2 f5 25. f3 Kf7 26. Kc3 Ke8 27.
Bxd6 Nxd6 28. Kb4 Kd7 29. Kxa4 Kc6 30. Kb4 Kd7 31. Ka4 Kc6 32. Kb4 h6 33. Kc3
g5 34. fxg5 hxg5 35. Be2 Nf7 36. a3 Nd6 37. Kd2 Kd7 38. Bd3 Ke7 39. a4 Nf7 40.
Kc3 Kd6 41. Kd2 Ke7 42. Ke2 Nh6 43. Kf2 Ng8 44. Kg3 Kf6 45. f4 Ne7 46. Bb5 Nc8
47. a5 Nd6 48. Bd3 Nf7 49. fxg5+ Kxg5 50. b4 e5 51. b5 exd4 52. exd4 Nd8 53. a6
bxa6 54. bxa6 Nc6 55. Bb5 f4+ 56. Kf2 Na7 57. Bd7 Kf6 58. h4 Kg6 59. Kf3 Kh5
60. Kxf4 1-0

[Event "International Championship of Central Se"]
[Site "Paracin, hotel "]
[Date "2016.07.07"]
[Round "1.3"]
[White "Jakovljevic, Zdravko"]
[Black "Olcum, Ahmet"]
[Result "0-1"]
[WhiteElo "1730"]
[BlackElo "2083"]
[PlyCount "71"]
[EventDate "2016.07.07"]

1. e4 g6 2. h4 h5 3. d4 d6 4. Nc3 Bg7 5. Bc4 Nc6 6. Be3 Nf6 7. Nf3 Nxe4 8.
Bxf7+ Kxf7 9. Nxe4 Re8 10. c3 d5 11. Ng3 Kg8 12. Qc2 Qd6 13. O-O Bg4 14. Nh2 e5
15. dxe5 Nxe5 16. Bf4 Bd7 17. Rad1 c6 18. Ne4 Nf3+ 19. Nxf3 Qxf4 20. Ng3 Qf6
21. Rde1 b5 22. Qd2 a5 23. Qg5 b4 24. Nd4 bxc3 25. bxc3 Qxg5 26. hxg5 a4 27.
Nge2 c5 28. Nc2 Bb5 29. Ne3 d4 30. c4 Ba6 31. Nd5 Bxc4 32. Nc7 Bxe2 33. Nxa8 d3
34. Nc7 Re4 35. f3 Bd4+ 36. Kh1 0-1

[Event "International Championship of Central Se"]
[Site "Paracin, hotel "]
[Date "2016.07.07"]
[Round "1.4"]
[White "Zivanovic, Blagoje"]
[Black "Jovanovic, Mladen"]
[Result "1-0"]
[WhiteElo "2078"]
[BlackElo "1728"]
[PlyCount "121"]
[EventDate "2016.07.07"]

1. e4 c5 2. c4 Nc6 3. g3 e6 4. Bg2 g6 5. Ne2 Bg7 6. Nbc3 a6 7. Rb1 Nge7 8. O-O
O-O 9. a3 Qc7 10. d3 Nd4 11. b4 d6 12. Bf4 e5 13. Bg5 f6 14. Be3 Bg4 15. f3 Bd7
16. Qd2 Rf7 17. Rfc1 Rb8 18. Bxd4 cxd4 19. Nd5 Qd8 20. c5 Bc6 21. Nb6 dxc5 22.
bxc5 Kh8 23. Nc4 Rf8 24. Qa2 Nc8 25. Qc2 Bb5 26. a4 Bc6 27. Rb4 Qe7 28. Na5 Qc7
29. Nxc6 Qxc6 30. Qb3 Ne7 31. Rb6 Qc7 32. Rc2 Nc6 33. Rb2 Na5 34. Qb4 Nc6 35.
Qd2 Rfe8 36. Bh3 Bf8 37. Qc1 Kg7 38. Rc2 Be7 39. Rb1 a5 40. Rb5 Nb4 41. Rd2 Bd8
42. Qc4 Qc6 43. Nc1 Re7 44. Nb3 Ra8 45. Rf2 Bc7 46. f4 Ra7 47. fxe5 fxe5 48.
Bc8 Bd8 49. Bh3 Bc7 50. Bg4 Ra8 51. h4 Ra7 52. h5 Qe8 53. Nd2 Nc6 54. Nf3 Nd8
55. Qd5 Qg8 56. h6+ Kh8 57. Ng5 Qxd5 58. exd5 Re8 59. d6 Bb8 60. d7 Rg8 61. Rf7
1-0

[Event "International Championship of Central Se"]
[Site "Paracin, hotel "]
[Date "2016.07.07"]
[Round "1.5"]
[White "Brankovic, Slavoljub"]
[Black "Zlatanovic, Zoran"]
[Result "1/2-1/2"]
[WhiteElo "1727"]
[BlackElo "2073"]
[PlyCount "119"]
[EventDate "2016.07.07"]

1. d4 Nf6 2. c4 g6 3. Nc3 d5 4. cxd5 Nxd5 5. Nf3 Bg7 6. g3 Nb6 7. Bg2 O-O 8.
O-O Na6 9. a3 c5 10. dxc5 Nxc5 11. Qc2 Be6 12. Be3 Bf5 13. Qd1 Ne4 14. Nd4 Nxc3
15. bxc3 Bc8 16. Qb3 e5 17. Nc2 Be6 18. Qb4 Qc7 19. Rfd1 Rfd8 20. a4 Bf8 21.
Bxb6 axb6 22. Qb2 Bc5 23. Nb4 Rxd1+ 24. Rxd1 Rxa4 25. Bd5 Ra8 26. Bxe6 fxe6 27.
Qb3 Qf7 28. e3 e4 29. Nc2 Rf8 30. Rd2 e5 31. Qxf7+ Rxf7 32. Nb4 Kg7 33. Rd8 Be7
34. Rd5 Bxb4 35. cxb4 Re7 36. Rb5 Kf7 37. Rxb6 Rc7 38. Kg2 h5 39. h3 Kg7 40.
Re6 Kf7 41. Rxe5 Rc4 42. Rb5 Rc7 43. h4 Kf6 44. Kh3 Rc2 45. Kg2 Rc7 46. Rb6+
Kf5 47. Rb5+ Ke6 48. g4 hxg4 49. Kg3 Rf7 50. Rg5 Rf3+ 51. Kg2 Rf6 52. Rxg4 Kd5
53. Rg5+ Kc4 54. b5 b6 55. Kg1 Re6 56. Kf1 Kd3 57. Rd5+ Kc4 58. Rg5 Kd3 59. h5
gxh5 60. Rxh5 1/2-1/2

[Event "International Championship of Central Se"]
[Site "Paracin, hotel "]
[Date "2016.07.07"]
[Round "1.6"]
[White "Arandjelovic, Aleksandar Z"]
[Black "Petrovic, Aleksa"]
[Result "1-0"]
[WhiteElo "2073"]
[BlackElo "1724"]
[PlyCount "61"]
[EventDate "2016.07.07"]

1. d4 Nf6 2. c4 g6 3. Nc3 Bg7 4. e4 d6 5. f3 O-O 6. Be3 Nbd7 7. Qd2 e5 8. d5
Ne8 9. Bd3 Nc5 10. Bc2 a5 11. Nge2 b6 12. g4 f5 13. gxf5 gxf5 14. Bg5 Qd7 15.
exf5 Rxf5 16. O-O-O Rxf3 17. Rdf1 Rxf1+ 18. Rxf1 a4 19. Ng3 Ba6 20. Bf5 Bxc4
21. Bxd7 Nxd7 22. Rg1 Kh8 23. Nce4 Bxa2 24. Nh5 c6 25. Nxg7 cxd5 26. Nxe8 Rc8+
27. Nc7 Rxc7+ 28. Nc3 d4 29. Qf2 Rxc3+ 30. bxc3 d3 31. Bf6+ 1-0

[Event "International Championship of Central Se"]
[Site "Paracin, hotel "]
[Date "2016.07.07"]
[Round "1.7"]
[White "Kellner, Nikolaus"]
[Black "Djordjevic, Gradimir"]
[Result "0-1"]
[WhiteElo "1722"]
[BlackElo "2072"]
[PlyCount "60"]
[EventDate "2016.07.07"]

1. g4 d5 2. h3 e5 3. Bg2 c6 4. d4 e4 5. c4 Be6 6. Nc3 Bd6 7. Qc2 a6 8. Be3 f5
9. gxf5 Bf7 10. c5 Bc7 11. f3 Bg3+ 12. Bf2 Qh4 13. e3 Bxf2+ 14. Qxf2 Qxf2+ 15.
Kxf2 exf3 16. Nxf3 Nh6 17. Nh4 O-O 18. Kg3 Nd7 19. e4 dxe4 20. Bxe4 Nf6 21. Bf3
Rad8 22. Rad1 Rd7 23. Bg4 Bh5 24. Nf3 Nhxg4 25. hxg4 Bxg4 26. Rhf1 Rfd8 27. Ne2
Rd5 28. Nf4 Rxf5 29. Nh4 Rg5 30. Ne6 Bxe6+ 0-1

[Event "International Championship of Central Se"]
[Site "Paracin, hotel "]
[Date "2016.07.07"]
[Round "1.9"]
[White "Kozic, Mirko"]
[Black "Gajin, Nikola"]
[Result "0-1"]
[WhiteElo "1716"]
[BlackElo "2069"]
[PlyCount "68"]
[EventDate "2016.07.07"]

1. e4 c6 2. d4 d5 3. e5 Bf5 4. Nf3 e6 5. Be2 c5 6. c3 Nc6 7. O-O Rc8 8. Qb3 Qc7
9. a3 Bg4 10. Be3 Bxf3 11. Bxf3 Nge7 12. Nd2 Nf5 13. Qd1 cxd4 14. cxd4 Nfxd4
15. Rc1 Qxe5 16. b4 Nb5 17. Qb3 Bd6 18. g3 O-O 19. Rfe1 Qf6 20. Qd3 a6 21. Bg2
Qb2 22. Nf3 Qxa3 23. Qc2 Ne7 24. Bc5 Bxc5 25. bxc5 Nc6 26. Ng5 g6 27. h4 Ncd4
28. Qb1 Rxc5 29. Rxc5 Qxc5 30. h5 Qc2 31. Qb4 Qc3 32. Qb1 Qd2 33. f4 Nc3 34.
Qa1 Nc2 0-1

[Event "International Championship of Central Se"]
[Site "Paracin, hotel "]
[Date "2016.07.07"]
[Round "1.10"]
[White "Brkic, Toma"]
[Black "Putnik, Milan"]
[Result "1-0"]
[WhiteElo "2069"]
[BlackElo "1713"]
[PlyCount "69"]
[EventDate "2016.07.07"]

1. e4 c5 2. Nf3 d6 3. d4 cxd4 4. Nxd4 Nf6 5. Bd3 g6 6. b3 Bg7 7. Bb2 Nbd7 8.
O-O O-O 9. Nd2 Ne5 10. Be2 Bd7 11. Rb1 Rc8 12. Re1 Qa5 13. a3 Bh6 14. Nc4 Nxc4
15. Bxc4 Qc5 16. h3 Bf4 17. Nf3 a6 18. Bd3 Nh5 19. e5 Bg3 20. Bd4 Bxf2+ 21.
Bxf2 Qa5 22. exd6 exd6 23. a4 Nf4 24. Bf1 d5 25. c4 Be6 26. Qd4 dxc4 27. Qxf4
c3 28. Qf6 Rfd8 29. Bc4 Rxc4 30. bxc4 c2 31. Rbc1 Bf5 32. Bb6 Qxe1+ 33. Rxe1
Rd1 34. Bd4 Rxe1+ 35. Nxe1 1-0

[Event "International Championship of Central Se"]
[Site "Paracin, hotel "]
[Date "2016.07.07"]
[Round "1.11"]
[White "Pantic, Slobodan"]
[Black "Kracunov, Bozidar"]
[Result "1/2-1/2"]
[WhiteElo "1712"]
[BlackElo "2069"]
[PlyCount "123"]
[EventDate "2016.07.07"]

1. c4 c6 2. Nc3 d5 3. d4 Nf6 4. Nf3 e6 5. e3 Bd6 6. Bd3 O-O 7. O-O h6 8. Qc2
Nbd7 9. cxd5 cxd5 10. Nb5 Bb8 11. b3 a6 12. Nc3 Bd6 13. a4 b6 14. Bb2 Bb7 15.
Qe2 Qe7 16. Rac1 Rfc8 17. Rc2 Ne4 18. Rfc1 Nxc3 19. Rxc3 a5 20. Rxc8+ Rxc8 21.
Rxc8+ Bxc8 22. Qc2 Qd8 23. Qc6 Qc7 24. Qxc7 Bxc7 25. Bb5 f6 26. Bc6 Bd6 27. Bc3
Kf7 28. h3 Nb8 29. Bb5 Ke7 30. Kf1 Ba6 31. Bxa6 Nxa6 32. Ke2 Kd7 33. Kd3 Kc6
34. g4 Nb8 35. h4 Nd7 36. Nd2 e5 37. e4 exd4 38. exd5+ Kxd5 39. Bxd4 Bc5 40.
Bxc5 Nxc5+ 41. Ke3 g5 42. h5 Nd7 43. Nc4 Kc5 44. Kd3 Kb4 45. Kc2 b5 46. axb5 a4
47. Kb2 axb3 48. Nd6 Nb6 49. f3 Na4+ 50. Kb1 Nc3+ 51. Kb2 Nxb5 52. Nxb5 Kxb5
53. Kxb3 Kc5 54. Kc3 Kd5 55. Kd3 Ke5 56. Ke3 f5 57. gxf5 Kxf5 58. Ke2 Ke6 59.
Ke3 Ke5 60. Ke2 Kd4 61. Kd2 Ke5 62. Ke3 1/2-1/2

[Event "International Championship of Central Se"]
[Site "Paracin, hotel "]
[Date "2016.07.07"]
[Round "1.12"]
[White "Isak, Igor G"]
[Black "Ignjatovic, Radomir"]
[Result "1-0"]
[WhiteElo "2064"]
[BlackElo "1710"]
[PlyCount "57"]
[EventDate "2016.07.07"]

1. e4 e6 2. d4 c6 3. Nf3 d6 4. Bd3 Ne7 5. Be3 Nd7 6. c4 h6 7. Nc3 f5 8. Qc2 g6
9. h4 Bg7 10. h5 Nf6 11. hxg6 d5 12. exd5 cxd5 13. Ne5 Ng4 14. Nf7 Nxe3 15.
fxe3 Qc7 16. Nxh8 dxc4 17. Bf1 Qg3+ 18. Qf2 Qxf2+ 19. Kxf2 Bd7 20. Nf7 Nxg6 21.
Nd6+ Ke7 22. Nxc4 b5 23. Nd2 b4 24. Ne2 Bc6 25. Rc1 Bd5 26. a3 bxa3 27. bxa3 a5
28. Nc3 Rc8 29. Nxd5+ 1-0

[Event "International Championship of Central Se"]
[Site "Paracin, hotel "]
[Date "2016.07.07"]
[Round "1.13"]
[White "Mirkovic, Ratko"]
[Black "Ostojic, Nikola M"]
[Result "0-1"]
[WhiteElo "1708"]
[BlackElo "2050"]
[PlyCount "98"]
[EventDate "2016.07.07"]

1. d4 Nf6 2. c4 e6 3. Nc3 d5 4. Nf3 Nbd7 5. Bg5 c6 6. e3 Qa5 7. Qc2 Bb4 8. Nd2
dxc4 9. Bxf6 Nxf6 10. Bxc4 e5 11. dxe5 Ng4 12. O-O O-O 13. Bd3 g6 14. Nc4 Qc7
15. a3 Be7 16. Rfd1 Nxe5 17. Be2 Be6 18. Nd2 Rad8 19. Nb5 Qb6 20. Nd4 Bc8 21.
b4 Bf6 22. Ne4 Bg7 23. Rab1 a6 24. a4 Nd7 25. b5 axb5 26. axb5 cxb5 27. Nxb5
Nf6 28. Nd4 Qa7 29. Nc5 Nd7 30. Ne4 Nf6 31. Nb5 Qb8 32. Ned6 Bd7 33. Bf3 Bxb5
34. Nxb5 Rxd1+ 35. Qxd1 b6 36. Qb3 Nd7 37. Qd5 Ne5 38. Be4 Rd8 39. Qb3 Bf8 40.
Bd5 Rd7 41. Nd4 Bc5 42. Nb5 Qd8 43. Rd1 Kg7 44. Nc3 Ng4 45. Bf3 Rxd1+ 46. Qxd1
Qxd1+ 47. Nxd1 Ne5 48. Bd5 f5 49. Nc3 Kf6 0-1

[Event "International Championship of Central Se"]
[Site "Paracin, hotel "]
[Date "2016.07.07"]
[Round "1.14"]
[White "Bojicic, Andjela"]
[Black "Toncheva, Nadya"]
[Result "1-0"]
[WhiteElo "2038"]
[BlackElo "1704"]
[PlyCount "57"]
[EventDate "2016.07.07"]

1. d4 d5 2. c4 dxc4 3. e3 e5 4. Bxc4 exd4 5. exd4 Nf6 6. Nf3 Nbd7 7. Nc3 Nb6 8.
Bb3 Be7 9. O-O O-O 10. Re1 c6 11. Ne5 Qc7 12. Qe2 Bf5 13. Nxf7 Rxf7 14. Qxe7
Qxe7 15. Rxe7 Nbd5 16. Re5 Bd3 17. Bg5 Ng4 18. Nxd5 Nxe5 19. Nc7 Rc8 20. dxe5
Rcxc7 21. Rd1 h6 22. e6 Rfe7 23. Bxe7 Rxe7 24. Rxd3 b5 25. Rd8+ Kh7 26. Bc2+ g6
27. Rd7 Rg7 28. e7 c5 29. e8=Q 1-0

[Event "International Championship of Central Se"]
[Site "Paracin, hotel "]
[Date "2016.07.07"]
[Round "1.15"]
[White "Tomic, Stjepan"]
[Black "Tomic, Slobodan"]
[Result "0-1"]
[WhiteElo "1701"]
[BlackElo "2032"]
[PlyCount "129"]
[EventDate "2016.07.07"]

1. e4 c5 2. Nf3 Nc6 3. d4 cxd4 4. Nxd4 e5 5. Nb3 d6 6. c4 Be6 7. Nc3 Nf6 8. f3
Na5 9. Nxa5 Qxa5 10. Bd2 Qb6 11. Qb3 Nd7 12. Qxb6 Nxb6 13. b3 a6 14. Be2 Be7
15. O-O O-O 16. Be3 Nd7 17. Rad1 Rac8 18. Nd5 Bd8 19. Bc1 Bxd5 20. Rxd5 Bb6+
21. Kh1 Bc5 22. Rd3 a5 23. Bb2 f5 24. exf5 Rxf5 25. Bc1 Bd4 26. Be3 Bxe3 27.
Rxe3 Nc5 28. Rd1 Rc6 29. Bd3 Rf6 30. Bc2 Kf8 31. Kg1 h6 32. Re2 Ne6 33. Be4 Nd4
34. Rxd4 exd4 35. Bxc6 bxc6 36. Kf2 c5 37. Ke1 Rf7 38. Kd2 Rb7 39. Kc2 Kf7 40.
g3 Rb8 41. Re4 g5 42. f4 Kf6 43. fxg5+ hxg5 44. Re2 a4 45. Rf2+ Kg6 46. Re2
axb3+ 47. axb3 Kf5 48. Rf2+ Ke6 49. Re2+ Kd7 50. Rf2 Re8 51. Rd2 g4 52. b4 Re3
53. Rd3 Re2+ 54. Kb3 Re3 55. Kc2 Rxd3 56. Kxd3 Kc6 57. b5+ Kb6 58. Kc2 d5 59.
cxd5 Kxb5 60. Kd3 Kb6 61. Ke4 Kc7 62. Kd3 Kd7 63. Ke4 Kd6 64. Kf4 Kxd5 65. Kxg4
0-1

[Event "International Championship of Central Se"]
[Site "Paracin, hotel "]
[Date "2016.07.07"]
[Round "1.16"]
[White "Majstorovic, Dusan"]
[Black "Rasic, Milovan"]
[Result "1/2-1/2"]
[WhiteElo "2031"]
[BlackElo "1683"]
[PlyCount "135"]
[EventDate "2016.07.07"]

1. e4 c5 2. Nc3 Nc6 3. g3 g6 4. Bg2 Bg7 5. d3 e6 6. Be3 d6 7. Qd2 Nge7 8. Nge2
e5 9. Bh6 O-O 10. h4 f6 11. O-O-O Nd4 12. h5 g5 13. Bxg7 Kxg7 14. h6+ Kh8 15.
f4 Ng6 16. Nd5 Bg4 17. Nxd4 cxd4 18. Rdf1 Bd7 19. fxg5 fxg5 20. Rxf8+ Nxf8 21.
Rf1 Be6 22. Nf6 g4 23. Qg5 Ng6 24. Qh5 Rc8 25. Nxg4 Qc7 26. Rf2 Qa5 27. Re2
Qxa2 28. Qg5 Rf8 29. Rf2 Qa1+ 30. Kd2 Qa5+ 31. Ke2 Bxg4+ 32. Qxg4 Rxf2+ 33.
Kxf2 Qd2+ 34. Kg1 Qxh6 35. Qc8+ Qf8 36. Qxb7 Qe7 37. Qc8+ Kg7 38. Qf5 Qf7 39.
Qc8 Qe7 40. Bh3 Qg5 41. Qd7+ Qe7 42. Qg4 Qc7 43. Qe2 Qb8 44. b3 Qc7 45. Be6 Qe7
46. Bc4 Qg5 47. Qf2 Qf6 48. Qd2 Qf3 49. Kh2 Qh5+ 50. Kg2 Qg4 51. Kf2 h5 52. Qe2
Qxe2+ 53. Kxe2 Kf6 54. Ba6 h4 55. gxh4 Nxh4 56. Kd2 Nf3+ 57. Kc1 Ke7 58. Bc8
Kd8 59. Bf5 Kc7 60. Kd1 Ng5 61. Bg6 Ne6 62. Bf7 Nc5 63. Kc1 Kb6 64. Kb2 a5 65.
Ka3 Kb5 66. Bh5 Ka6 67. Be8 Kb6 68. Kb2 1/2-1/2

[Event "International Championship of Central Se"]
[Site "Paracin, hotel "]
[Date "2016.07.07"]
[Round "1.17"]
[White "Kandjolas, Konstantin"]
[Black "Zajic, Milun"]
[Result "1/2-1/2"]
[WhiteElo "1682"]
[BlackElo "2026"]
[PlyCount "98"]
[EventDate "2016.07.07"]

1. d4 Nf6 2. Nf3 g6 3. c3 Bg7 4. Bf4 O-O 5. e3 d6 6. h3 Nbd7 7. Bd3 Re8 8. Bc2
c6 9. O-O Qb6 10. Qc1 e5 11. Bh2 e4 12. Nfd2 d5 13. c4 Nf8 14. c5 Qd8 15. Nc3
Ne6 16. b4 a6 17. Na4 Nd7 18. Qd1 a5 19. a3 b5 20. Nb2 Nxd4 21. exd4 Bxd4 22.
Rb1 axb4 23. axb4 Qf6 24. Qc1 e3 25. fxe3 Bxe3+ 26. Kh1 Qc3 27. Re1 Nf6 28. Re2
Ra2 29. Bg1 Bxg1 30. Rxe8+ Nxe8 31. Kxg1 Qxb4 32. Nd3 Qc3 33. Qe1 Nf6 34. Nb4
Qxc5+ 35. Qf2 Qxf2+ 36. Kxf2 Ra3 37. Nxc6 Bxh3 38. gxh3 Rxh3 39. Rxb5 Kg7 40.
Nf3 Ne4+ 41. Bxe4 dxe4 42. Nfd4 f5 43. Kg2 Rh4 44. Rb3 Kf6 45. Rb6 Rg4+ 46. Kf2
h5 47. Nd8+ Ke5 48. Ne2 h4 49. Nf7+ Kd5 1/2-1/2

[Event "International Championship of Central Se"]
[Site "Paracin, hotel "]
[Date "2016.07.07"]
[Round "1.18"]
[White "Ostojic, Milos R"]
[Black "Celik, Eda"]
[Result "0-1"]
[WhiteElo "2025"]
[BlackElo "1680"]
[PlyCount "90"]
[EventDate "2016.07.07"]

1. e4 e5 2. Nf3 Nc6 3. Bc4 Nf6 4. d3 Bc5 5. c3 d6 6. Bb3 a6 7. Bg5 Ba7 8. Nbd2
O-O 9. Nf1 h6 10. Be3 Bxe3 11. Nxe3 Be6 12. Bc2 d5 13. Qe2 dxe4 14. dxe4 Qe7
15. Nh4 g6 16. g4 Rad8 17. Nhg2 Qc5 18. h4 b5 19. Qf3 Kg7 20. h5 Nh7 21. Nh4
Ng5 22. Qe2 b4 23. Nd1 bxc3 24. bxc3 Nb4 25. Bb3 Nd3+ 26. Kf1 Nf4 27. Qe3 Qb5+
28. c4 Bxc4+ 29. Bxc4 Qxc4+ 30. Kg1 Qc2 31. Nc3 Qxc3 32. Qxc3 Ne2+ 33. Kf1 Nxc3
34. Kg2 Ncxe4 35. Rac1 Rd2 36. Rhf1 Ne6 37. Rc6 Rxa2 38. hxg6 Nf4+ 39. Kg1 fxg6
40. Rxc7+ Rf7 41. Rc6 a5 42. Re1 Nxf2 43. Rxe5 Nxg4 44. Re1 g5 45. Nf3 Rg2+ 0-1

[Event "International Championship of Central Se"]
[Site "Paracin, hotel "]
[Date "2016.07.07"]
[Round "1.19"]
[White "Simic, Anja"]
[Black "Golubovic, Marko"]
[Result "0-1"]
[WhiteElo "1670"]
[BlackElo "2023"]
[PlyCount "58"]
[EventDate "2016.07.07"]

1. d4 Nf6 2. c4 c5 3. d5 e6 4. Nc3 exd5 5. cxd5 d6 6. e4 g6 7. f4 Bg7 8. Bb5+
Nfd7 9. Nf3 O-O 10. O-O a6 11. Bd3 b5 12. Bc2 Nb6 13. Re1 Re8 14. h3 N8d7 15.
g4 Bb7 16. g5 b4 17. Na4 c4 18. Rb1 f5 19. Nxb6 Nxb6 20. exf5 Rxe1+ 21. Qxe1
Bxd5 22. fxg6 Bxf3 23. gxh7+ Kh8 24. Qg3 Bb7 25. g6 Qe7 26. Be3 Nd5 27. Bf2 Qe2
28. Bd1 Qe4 29. Rc1 Nxf4 0-1

[Event "International Championship of Central Se"]
[Site "Paracin, hotel "]
[Date "2016.07.07"]
[Round "1.20"]
[White "Trifunovic, Borisav"]
[Black "Andjelic, Djordje"]
[Result "1/2-1/2"]
[WhiteElo "2023"]
[BlackElo "1670"]
[PlyCount "120"]
[EventDate "2016.07.07"]

1. d4 d5 2. c4 e6 3. Nc3 Nf6 4. Bg5 Be7 5. e3 O-O 6. Qc2 h6 7. Bh4 Nbd7 8. Bd3
dxc4 9. Bxc4 b6 10. Nge2 Bb7 11. O-O Nh5 12. Bg3 Nxg3 13. Nxg3 c5 14. dxc5 Bxc5
15. Rfd1 Qe7 16. Nge4 Rfd8 17. a3 Ne5 18. Be2 Rac8 19. Rxd8+ Qxd8 20. Nxc5 Rxc5
21. f4 Nc4 22. Rd1 Qc7 23. Bxc4 Rxc4 24. Qd2 Qc6 25. Qd8+ Kh7 26. Rd2 Qc5 27.
Qd3+ f5 28. Rf2 Be4 29. Qd2 b5 30. h3 a5 31. Nxe4 Rxe4 32. Qxa5 Rxe3 33. Qd2
Re4 34. Kh2 Qe3 35. Qxe3 Rxe3 36. Rf3 Re4 37. Kg3 b4 38. a4 b3 39. Rxb3 Rxa4
40. Rb6 Ra2 41. Kf3 Kg8 42. Rb7 Kh7 43. Rb6 Kg8 44. g4 Kf7 45. g5 hxg5 46. fxg5
e5 47. g6+ Ke7 48. h4 Ra4 49. Kg3 Rg4+ 50. Kh3 Ra4 51. h5 e4 52. Kg3 e3 53. b4
Ra2 54. Rb7+ Kf6 55. Rf7+ Kg5 56. h6 Kxh6 57. Rxf5 Kxg6 58. Re5 Rb2 59. Rxe3
Rxb4 60. Ra3 Kh5 1/2-1/2